000 00666nam a2200193 4500
005 20241010062522.0
999 _c17413
_d17413
008 221012b ||||| |||| 00| 0 eng d
020 _a9786214181582
082 _22020
_aDFil 363.25
_bSu61
100 _aSumad-on, Donald T.
_946338
245 _aFundamentals of investigation and intelligence /
_cDonald T. Sumad-on.
250 _aFirst edition.
260 _aQuezon City :
_bWiseman's Books trading, Inc.,
_c©2020.
300 _aiv, 194 pages :
_billustrations ;
_c23 cm.
500 _aIncludes bibliographical references.
650 _aCriminal investigation.
_946339
650 0 _aIntelligence service.
_95501
942 _2ddc
_cDFIL